000 00326 a2200157 4500
001 65487
020 _a9788589978088
040 _cAnchieta - Pituba
100 _aKaz, Leonel
240 1 0 _aO morro e o asfalto
_lpor
245 1 0 _aO morro e o asfalto
300 _a204
362 0 _a2009
650 4 _aMúsica
942 _cBK
999 _c65487
_d65487